திருமகள் தமிழகராதி (Record no. 10164)

MARC details
000 -LEADER
fixed length control field 00680 a2200217 4500
010 ## - LIBRARY OF CONGRESS CONTROL NUMBER
LC control number TML-30801
020 ## - INTERNATIONAL STANDARD BOOK NUMBER
Terms of availability 420.00
035 ## - SYSTEM CONTROL NUMBER
System control number TM-29040
037 ## - SOURCE OF ACQUISITION
Source of stock number/acquisition D.B.Act / pub /
082 ## - DEWEY DECIMAL CLASSIFICATION NUMBER
Classification number 494.8113
090 ## - LOCALLY ASSIGNED LC-TYPE CALL NUMBER (OCLC); LOCAL CALL NUMBER (OCLC)
-- 10427
-- 10427
245 ## - TITLE STATEMENT
Title திருமகள் தமிழகராதி
246 ## - VARYING FORM OF TITLE
Title proper/short title Thirumagal Tamilagaradhi
Remainder of title by
250 ## - EDITION STATEMENT
Edition statement 3rd
260 ## - PUBLICATION, DISTRIBUTION, ETC. (IMPRINT)
Place of publication, distribution, etc Chennai
Name of publisher, distributor, etc Thirumagal Nilayam
Date of publication, distribution, etc 2007
270 ## - ADDRESS
Address 16, Ve3nkatanarayana Road, T. Nagar
City Chennai
Postal code 600017
300 ## - PHYSICAL DESCRIPTION
Extent 942p
Other physical details 22cm
650 ## - SUBJECT ADDED ENTRY--TOPICAL TERM
Topical term or geographic name as entry element Tamil Literature
General subdivision Dictiionary
942 ## - ADDED ENTRY ELEMENTS (KOHA)
Koha item type Tamil Bks
Call number prefix 494.8113 / THI
Holdings
Withdrawn status Lost status Source of classification or shelving scheme Damaged status Not for loan Collection code Home library Current library Cost, normal purchase price Total Checkouts Full call number Barcode Date last seen Copy number Uniform Resource Identifier Cost, replacement price Price effective from Koha item type
    Dewey Decimal Classification   Not For Loan Non-fiction D.B.Act.Division D.B.Act.Division 420.00   494.8113 TM-29040 15/09/2008 1 11193 420.00 15/09/2008 Tamil Bks

© Delhi Public Library
Hit Counter
free hit counter